00773nam 2200217u 4500001000800000005001700008008004100025035002100066906004500087010001700132040001900149050002000168245003000188260004600218300006400264650005500328700004900383710004500432991004500477099003300522788334100000000000000.0820603s1948 iluabc 000 0 eng  9(DLC) 48003431 a0bcbccpremunvduencipf19gy-gencatlg a 48003431  aDLCcCarPdDLC00aAE5b.E363 194800aEncyclopedia Britannica,  aChicago,bEncyclopedia Britannicac[1948] a24 v.billus. (part col.), ports., maps (part col.)c29 cm. 0aEncyclopedias and dictionaries. [from old catalog]1 aYust, Walter,d1896- [from old catalog]eed.1 aChicago.bUniversity. [from old catalog] bc-GenCollhAE5i.E363 1948tCopy 1wPREM ayust-encyclopedia-1072114970